| 000 | 01153cam a22002055A 4500 | ||
|---|---|---|---|
| 001 | ##L123685 | ||
| 008 | 030922s2003 xxk f 000 0 eng d | ||
| 035 | _a(Sirsi) u123685 | ||
| 041 | 0 | _aeng | |
| 050 | 0 | 4 | _a697 $2 18 |
| 110 | 2 |
_aChartered Institution of Building Services Engineers _92360 |
|
| 245 | 0 | 0 |
_aBuilding log book template for small businesses _bfor spaces less than about 200m2 floor area (roughly 10-15 occupants) |
| 260 |
_aLondon _bCIBSE _c2003 |
||
| 300 |
_a28p. _c30cm. |
||
| 520 | _aTemplate for a small building log book, designed to provide a standard approach to the industry. Part L2 now includes a statutory requirement to provide new and refurbished buildings with a building log book in order to enable the building owner to operate the building in an energy efficient manner and according to the design intent. This template seeks to ensure that for small businesses the burden of providing the log book is in keeping with the size of their buildings. | ||
| 650 | 2 | 4 | _aBUILDING REGULATIONS 2000 APPROVED DOCUMENT L2 (2002 EDITION) |
| 651 | 4 |
_aEngland and Wales _y1543- |
|
| 690 |
_aBlock management _96220 |
||
| 942 | _n0 | ||
| 999 |
_c103093 _d103093 |
||